000
00299nam a22001337a 4500
020
_a
0-7214-1914-3
082
_a
823
_b
TAY/B
100
_a
TEYLOR, GERALDINE
245
_a
BELLE & GERTIE
260
_a
UK
_b
LADYBIRD
520
_a
ENGLISH SHORT STORY
650
_a
ENGLISH SHORT STORY
_z
UK
942
_c
BK
999
_c
4891
_d
4891